000 00308nam a22001337a 4500
008 170606b xxu||||| |||| 00| 0 eng d
020 _a32
041 _aeng
080 _a327
100 _a18
101 _aSHP
245 _aTHE POLITICS OF HUMAN RIGHT THE FOR DIGNITY
_cGIBNEY.M
942 _2udc
_cBK
999 _c16195
_d16195